Statistiken für NATO Mitglied? #1

Klicken Sie hier um das Quiz zu spielen!

Allgemein

  • Dieses Quiz wurde 87 mal gespielt
  • Das Durchschnittsergebnis liegt bei 13 aus 15

Antwortstatistiken

HintAntwort% Korrekt
SchwedenJa
93%
KatarNein
93%
IndienNein
93%
IranNein
92%
ParaguayNein
92%
Saudi-ArabienNein
89%
SüdafrikaNein
89%
MarokkoNein
88%
ChileNein
86%
MexikoNein
84%
LuxemburgJa
82%
NeuseelandNein
77%
TürkeiJa
75%
JapanNein
74%
IslandJa
68%

Verteilung der Resultate

Perzentil nach korrekt beantworteten Fragen

Anzahl Personen mit jedem Resultat

Ihre Resultats-Entwicklung

Sie haben dieses Quiz noch nicht gespielt